Statystyki dla Kantony Szwajcarii

Kliknij tutaj aby rozwiązać quiz!

Ogólne statystyki

  • Ten quiz został rozwiązany 127 razy
  • Średni wynik to 12 z 26

Statystyki odpowiedzi

Kanton% Poprawnych
Berno
92%
Zurych
82%
Genewa
79%
Gryzonia
60%
Vaud
50%
Fryburg
49%
Lucerna
49%
Sankt Gallen
49%
Ticino
49%
Uri
49%
Valais
46%
Jura
45%
Zug
45%
Bazylea-Miasto
44%
Argowia
43%
Schwyz
43%
Neuchâtel
42%
Bazylea-Okręg
40%
Solura
38%
Szafuza
37%
Turgowia
37%
Obwalden
36%
Nidwalden
35%
Appenzell Ausserrhoden
33%
Appenzell Innerrhoden
33%
Glarus
31%

Rozkład punktacji

Percentyl według liczby udzielonych odpowiedzi

Procent ludzi z każdym wynikiem

Twoja historia wyników

Nie rozwiązałeś tego quizu